000
00242nam a2200109Ia 4500
008
170627s9999 xx 000 0 und d
100
_a
TAULLI- TOM
245
0
_a
INVESTING IN IPOS
260
_b
AITBS
260
_c
2000
546
_a
ENGLISH
690
_a
INVESTING IN IPOS
999
_c
35393
_d
35393